[Event "TOP 12 Feminin_GroupeA"]
[Site "CHARTRES, France"]
[Date "2024.05.09"]
[Round "1.1"]
[White "SEBAG, Marie"]
[Black "IGLESIAS, Yosha"]
[Result "1-0"]
[WhiteElo "2437"]
[BlackElo "2318"]
[PlyCount "113"]
[EventDate "2024.??.??"]
[WhiteTeam "Bischwiller"]
[BlackTeam "Asnieres sur Seine"]

1. e4 {2} c6 {5} 2. d4 {129} d5 {6} 3. exd5 {4} cxd5 {5} 4. Bd3 {7} Nc6 {87} 5.
c3 {36} Nf6 {6} 6. Bf4 {149} Bg4 {75} 7. Qb3 {70} Qd7 {42} 8. Nd2 {88} e6 {7}
9. Ngf3 {142} Bxf3 {110} 10. Nxf3 {17} Bd6 {5} 11. Bxd6 {235} Qxd6 {5} 12. O-O
{90} O-O {17} 13. Rfe1 {172} Qc7 {37} 14. Qc2 {559} g6 {127} 15. Qd2 {580} Kg7
{97} 16. Re2 {349} Rae8 {721} 17. Rae1 {168} a6 {262} 18. Ne5 {195} Nxe5 {48}
19. dxe5 {4} Nd7 {104} 20. Qf4 {777} Nc5 {1074} 21. Bc2 {437} Qe7 {120} 22. Re3
{499} Rh8 {697} 23. h4 {268} h5 {49} 24. Qb4 {343} b5 {192} 25. Ra1 {240} Na4 {
707} 26. Bxa4 {138} Qxb4 27. cxb4 {35} bxa4 {4} 28. Rc1 {50} Rb8 {62} 29. a3 {
30} a5 {38} 30. bxa5 {65} Rxb2 {132} 31. Rc7 {20} Rb1+ {310} 32. Kh2 {4} Rb3 {
188} 33. a6 {72} d4 {74} 34. Re4 {73} d3 {497} 35. Rf4 {209} Rf8 {15} 36. a7 {
28} d2 {15} 37. Rd7 {102} Rb7 {59} 38. Rxb7 {72} d1=Q {9} 39. Rbxf7+ {25} Rxf7
{12} 40. Rxf7+ {4} Kxf7 {12} 41. a8=Q {3} Qb3 {228} 42. Qh8 {40} Qxa3 {171} 43.
Qf6+ {5} Ke8 {163} 44. Qxe6+ {8} Kd8 {11} 45. Qxg6 {95} Qb4 {59} 46. Qf6+ {49}
Qe7 {81} 47. Qb6+ {8} Ke8 {30} 48. Qb5+ {130} Qd7 {36} 49. Qc5 {8} Qe7 {28} 50.
Qc8+ {9} Qd8 {19} 51. Qc4 {28} a3 {44} 52. Qa4+ {13} Kf7 {47} 53. Qxa3 {10}
Qxh4+ {26} 54. Kg1 {2} Qc4 {34} 55. Qf3+ {12} Ke7 {35} 56. Qf6+ {24} Ke8 {6}
57. e6 {12} 1-0

[Event "TOP 12 Feminin_GroupeA"]
[Site "CHARTRES, France"]
[Date "2024.05.09"]
[Round "1.2"]
[White "GAPONENKO, Inna"]
[Black "JAVAKHISVILI, Lela"]
[Result "1/2-1/2"]
[WhiteElo "2332"]
[BlackElo "2447"]
[PlyCount "46"]
[EventDate "2024.??.??"]
[WhiteTeam "Asnieres sur Seine"]
[BlackTeam "Bischwiller"]

1. e4 {2} e5 {10} 2. Nf3 {7} Nc6 {5} 3. Nc3 {108} Nf6 {18} 4. d4 {7} exd4 {44}
5. Nxd4 {5} Bb4 {51} 6. Nxc6 {10} bxc6 {17} 7. Bd3 {4} d5 {74} 8. exd5 {540}
O-O {23} 9. O-O {4} Bg4 {163} 10. f3 {941} Bh5 {7} 11. dxc6 {32} Qd4+ {76} 12.
Kh1 {7} Bxc3 {16} 13. bxc3 {5} Qxc3 {11} 14. Rb1 {940} Bg6 {84} 15. Rb3 {1762}
Qxc6 {93} 16. Bb5 {60} Qxc2 {921} 17. Qxc2 {5} Bxc2 {3} 18. Rc3 {4} Rab8 {388}
19. a4 {518} a6 {86} 20. Bxa6 {44} Bxa4 {7} 21. Rxc7 {13} Bb5 {57} 22. Bxb5 {19
} Rxb5 {4} 23. Rc2 {70} h5 {25} 1/2-1/2

[Event "TOP 12 Feminin_GroupeA"]
[Site "CHARTRES, France"]
[Date "2024.05.09"]
[Round "1.3"]
[White "MAISURADZE, Nino"]
[Black "GUICHARD, Pauline"]
[Result "0-1"]
[WhiteElo "2189"]
[BlackElo "2362"]
[PlyCount "80"]
[EventDate "2024.??.??"]
[WhiteTeam "Bischwiller"]
[BlackTeam "Asnieres sur Seine"]

1. d4 {3} Nf6 {5} 2. c4 {32} e6 {8} 3. Nf3 {27} d5 {12} 4. e3 {183} Be7 {288}
5. Nc3 {18} O-O {23} 6. Bd3 {45} dxc4 {120} 7. Bxc4 {4} c5 {4} 8. O-O {42} cxd4
{192} 9. exd4 {32} Nc6 {115} 10. a3 {44} a6 {625} 11. Ba2 {295} b5 {82} 12. d5
{890} exd5 {80} 13. Nxd5 {8} Nxd5 {178} 14. Qxd5 {70} Bb7 {821} 15. Qh5 {217}
Nd4 {43} 16. Ng5 {843} Bxg5 {44} 17. Bxg5 {13} Qd6 {19} 18. Rad1 {559} Qc6 {926
} 19. Qg4 {66} h5 {322} 20. Qh3 {34} Qg6 {9} 21. f4 {531} Bc8 {278} 22. Qe3 {
587} Nc2 {132} 23. Qc5 {272} Bg4 {630} 24. Rd6 {67} Qf5 {98} 25. Rd5 {1003} Qe4
{97} 26. f5 {89} Rac8 {301} 27. Qf2 {41} Be2 {34} 28. Rc1 {209} Bc4 {96} 29.
Bxc4 {4} Rxc4 {4} 30. Rd2 {62} Rfc8 {83} 31. Rcd1 {33} f6 {313} 32. Rd8+ {26}
Rxd8 {146} 33. Rxd8+ {3} Kh7 {2} 34. Bd2 {63} Nd4 {86} 35. Rd6 {32} Nxf5 {140}
36. Rxa6 {28} Rc2 {59} 37. Qf4 {31} Qd3 {44} 38. Be1 {30} Re2 {54} 39. Bc3 {31}
Ne3 {43} 40. h3 {31} Rxg2+ {20} 0-1

[Event "TOP 12 Feminin_GroupeA"]
[Site "CHARTRES, France"]
[Date "2024.05.09"]
[Round "1.4"]
[White "BELLUIRE, Beatrice"]
[Black "BELLAHCENE, Sofia"]
[Result "1-0"]
[WhiteElo "2074"]
[BlackElo "2000"]
[PlyCount "115"]
[EventDate "2024.??.??"]
[WhiteTeam "Asnieres sur Seine"]
[BlackTeam "Bischwiller"]

1. e4 {1} c5 {17} 2. Nf3 {8} e6 {53} 3. d4 {17} cxd4 {15} 4. Nxd4 {6} Nf6 {5}
5. Nc3 {21} Nc6 {17} 6. a3 {19} d5 {6} 7. Bb5 {89} Bd7 {5} 8. exd5 {37} exd5 {6
} 9. O-O {25} Be7 {5} 10. Re1 {70} O-O {47} 11. Be3 {67} Re8 {43} 12. Be2 {44}
Ne5 {216} 13. Nf3 {438} Nc4 {656} 14. Nxd5 {243} Nxd5 {108} 15. Bxc4 {155} Nxe3
{38} 16. Rxe3 {42} Bf6 {164} 17. Rd3 {135} Qc8 {244} 18. Bxf7+ {167} Kxf7 {2}
19. Rxd7+ {10} Kg8 {13} 20. Qd5+ {312} Kh8 {11} 21. c3 {172} Qc6 {339} 22. Rd1
{235} Qxd5 {240} 23. R7xd5 {20} h6 {173} 24. Kf1 {46} a6 {150} 25. a4 {153} Re4
{70} 26. Nd4 {231} Rae8 {185} 27. Rd7 {82} Bxd4 {202} 28. R7xd4 {10} Re2 {10}
29. Rd8 {67} Kh7 {9} 30. Rxe8 {3} Re4 {9} 31. Re7 Rxe7 32. Rd4 {32} Re8 33. Rd7
b5 {2} 34. axb5 {5} axb5 {3} 35. Rd5 {19} b4 {63} 36. cxb4 {14} Re4 {2} 37. b5
{21} Rb4 {1} 38. Ke2 {54} Rxb2+ {6} 39. Ke3 {7} Rb4 {22} 40. g3 {113} Kg8 {22}
41. Rd8+ {42} Kf7 {10} 42. Rb8 {2} g6 {60} 43. b6 {14} h5 {14} 44. h4 {104} Kg7
{6} 45. Kd3 {75} Rb2 {4} 46. Kc3 {92} Rxf2 {3} 47. b7 {6} Rf3+ {12} 48. Kc4 Rf1
{16} 49. Rg8+ {37} Kxg8 {13} 50. b8=Q+ {5} Kg7 {23} 51. Qb2+ {239} Kg8 {270}
52. Kd5 {92} Kf7 {76} 53. Qb7+ {18} Kg8 {94} 54. Ke6 {49} Rf8 {139} 55. Qd7 {
741} Rf3 {371} 56. Qc8+ {25} Rf8 {2} 57. Qxf8+ {18} Kxf8 {1} 58. Kf6 1-0

[Event "TOP 12 Feminin_GroupeA"]
[Site "CHARTRES, France"]
[Date "2024.05.09"]
[Round "1.5"]
[White "BATSIASHVILI, Nino"]
[Black "MILLIET, Sophie"]
[Result "1-0"]
[WhiteElo "2445"]
[BlackElo "2385"]
[PlyCount "99"]
[EventDate "2024.??.??"]
[WhiteTeam "Juvisy sur Orge"]
[BlackTeam "Grasse"]

1. d4 {2} Nf6 {6} 2. c4 {6} e6 {4} 3. Nf3 {4} d5 {31} 4. Nc3 {6} c6 {10} 5. e3
{15} Nbd7 {11} 6. Qc2 {7} b6 {148} 7. cxd5 {138} cxd5 {5} 8. Bd3 {174} Bb7 {74}
9. O-O {17} Bd6 {392} 10. Bd2 {163} O-O {840} 11. Nb5 {419} Be7 {109} 12. Rfc1
{28} a6 {611} 13. Qc7 {294} Qb8 {537} 14. Ne5 {639} axb5 {271} 15. Nxd7 {23}
Nxd7 {6} 16. Qxd7 {14} Bd6 {42} 17. Qxb5 {113} Bxh2+ {23} 18. Kf1 {45} Ba6 {45}
19. Qb3 {1} Bxd3+ {57} 20. Qxd3 {2} Bd6 {13} 21. Qb5 {156} Qd8 {476} 22. Kg1 {
737} f5 {565} 23. Rc6 {1063} Rb8 {68} 24. Bb4 {294} Bxb4 {20} 25. Qxb4 {1} f4 {
597} 26. Rxe6 {123} fxe3 {15} 27. Rxe3 {33} Rc8 {154} 28. Qd2 {166} Rc6 {88}
29. Rae1 {27} Rh6 {590} 30. Re6 {33} Rh4 {35} 31. g3 {152} Rg4 {56} 32. Qe3 {55
} h5 {276} 33. Re8 {55} Rxe8 {16} 34. Qxe8+ {2} Qxe8 {4} 35. Rxe8+ {5} Kf7 {2}
36. Rb8 {7} h4 {61} 37. Rxb6 {22} hxg3 {14} 38. fxg3 {5} Rxg3+ {199} 39. Kf2 {2
} Rd3 {5} 40. a4 {183} Rxd4 {5} 41. b4 {5} Ke7 {105} 42. a5 {7} Rf4+ {75} 43.
Ke3 {28} Rf8 {21} 44. a6 {74} Ra8 {44} 45. b5 {7} g5 {28} 46. Kd4 {26} g4 {12}
47. Rg6 {6} Rc8 {43} 48. b6 {43} Kd7 {40} 49. b7 {13} Rc4+ {31} 50. Kxd5 {5}
1-0

[Event "TOP 12 Feminin_GroupeA"]
[Site "CHARTRES, France"]
[Date "2024.05.09"]
[Round "1.6"]
[White "MATNADZE BUJIASHVILI, Ann"]
[Black "AUBERT, Estee"]
[Result "1-0"]
[WhiteElo "2369"]
[BlackElo "2023"]
[PlyCount "43"]
[EventDate "2024.??.??"]
[WhiteTeam "Grasse"]
[BlackTeam "Juvisyr sur Orge"]

1. d4 {5} d5 {7} 2. c4 {19} e6 {5} 3. Nf3 {5} Nf6 {5} 4. g3 {6} Bb4+ {12} 5.
Bd2 {5} Bd6 {13} 6. Bg2 {18} O-O {33} 7. Qc2 {27} Nc6 {108} 8. O-O {58} dxc4 {
50} 9. e4 {123} e5 {169} 10. d5 {21} Ne7 {198} 11. Bg5 {82} c6 {1069} 12. Bxf6
{99} gxf6 {4} 13. Qxc4 {372} b5 {1262} 14. Qb3 {167} Qa5 {139} 15. dxc6 {207}
Be6 {494} 16. Qe3 {204} Nxc6 {505} 17. Qh6 {32} Be7 {23} 18. Nc3 {21} Rad8 {
1134} 19. Nd5 {65} Bxd5 {123} 20. exd5 {8} Nd4 {132} 21. Nxd4 {22} exd4 {3} 22.
Be4 {14} 1-0

[Event "TOP 12 Feminin_GroupeA"]
[Site "CHARTRES, France"]
[Date "2024.05.09"]
[Round "1.7"]
[White "AUVRAY, Honorine"]
[Black "FORESTIER, Carole"]
[Result "1-0"]
[WhiteElo "2033"]
[BlackElo "1999"]
[PlyCount "67"]
[EventDate "2024.??.??"]
[WhiteTeam "Juvisy sur Orge"]
[BlackTeam "Grasse"]

1. c4 {5} e6 {6} 2. g3 {20} d5 {15} 3. Bg2 {20} f5 {12} 4. Nf3 {434} Nf6 {10}
5. b3 {140} Be7 {26} 6. Bb2 {144} O-O {20} 7. O-O {56} c5 {294} 8. e3 {553} Nc6
{169} 9. Qe2 {660} Qc7 {1444} 10. Nc3 {533} a6 {115} 11. d4 {218} dxc4 {930}
12. bxc4 {62} cxd4 {24} 13. exd4 {28} Rd8 {207} 14. Rfd1 {250} Na5 {245} 15.
Ne5 {420} Nd7 {78} 16. Ng6 {956} Nb6 {887} 17. Nxe7+ {70} Qxe7 {7} 18. Nd5 {229
} Nxd5 {100} 19. cxd5 {10} Ra7 {469} 20. Re1 {168} b5 {258} 21. dxe6 {37} Nc4 {
42} 22. d5 {125} Bb7 {329} 23. Rad1 {85} Raa8 {110} 24. Be5 {102} Nd6 {126} 25.
Qd3 {162} g6 {127} 26. Ba1 {60} h6 {31} 27. Qd4 {114} Kh7 {7} 28. Qf6 {63} Qxf6
{42} 29. Bxf6 {6} Re8 {38} 30. Rc1 {203} Nc4 {47} 31. d6 {44} Bxg2 {28} 32.
Kxg2 {30} Rf8 {98} 33. e7 {91} Rxf6 {14} 34. d7 {8} 1-0

[Event "TOP 12 Feminin_GroupeA"]
[Site "CHARTRES, France"]
[Date "2024.05.09"]
[Round "1.8"]
[White "PERRUSSET, Barbara"]
[Black "GRIMAULT, Leane"]
[Result "0-1"]
[WhiteElo "1846"]
[BlackElo "1924"]
[PlyCount "68"]
[EventDate "2024.??.??"]
[WhiteTeam "Grasse"]
[BlackTeam "Juvisy sur Orge"]

1. e4 {2} g6 {11} 2. d4 {21} Bg7 {17} 3. Nf3 {62} d6 {31} 4. Bc4 {40} e6 {43}
5. Bg5 {558} Nf6 {554} 6. Nc3 {1279} O-O {275} 7. Qd2 {31} Nc6 {362} 8. O-O-O {
129} a6 {826} 9. Be2 {1425} b5 {212} 10. Qf4 {212} Nh5 {313} 11. Qh4 {291} f6 {
414} 12. Be3 {26} f5 {341} 13. Bg5 {82} Qe8 {23} 14. g4 {857} fxg4 {86} 15.
Qxg4 {25} e5 {250} 16. Qg2 {6} exd4 {258} 17. Nxd4 {461} Nxd4 {452} 18. Bxh5 {
15} gxh5 {89} 19. Rxd4 {135} Bxd4 {63} 20. Bf6+ {229} Qg6 {37} 21. Qxg6+ {86}
hxg6 {6} 22. Bxd4 {3} c6 {224} 23. Rg1 {5} Kh7 {47} 24. Kd2 {116} Bg4 {181} 25.
Ne2 {44} Rae8 {44} 26. Ng3 {26} Bf3 {152} 27. Re1 {17} h4 {66} 28. Ne2 {50}
Rxe4 {76} 29. Be3 {15} c5 {139} 30. Nc3 {45} Re5 {82} 31. Rg1 b4 {148} 32. Ne2
{27} Bxe2 {246} 33. Kxe2 {5} d5 {10} 34. Kd2 {17} d4 {9} 0-1

[Event "TOP 12 Feminin_GroupeA"]
[Site "CHARTRES, France"]
[Date "2024.05.09"]
[Round "1.9"]
[White "OSMAK, Yulia"]
[Black "SEITE, Yamina"]
[Result "1-0"]
[WhiteElo "2460"]
[BlackElo "1914"]
[PlyCount "75"]
[EventDate "2024.??.??"]
[WhiteTeam "Chartres"]
[BlackTeam "Domloup"]

1. d4 {2} d5 {7} 2. c4 {3} e6 {7} 3. Nc3 {3} Nf6 {8} 4. cxd5 {3} exd5 {6} 5.
Bg5 {3} c6 {14} 6. e3 {4} Be7 {21} 7. Bd3 {8} O-O {11} 8. h3 {32} Nbd7 {253} 9.
Qc2 {44} Re8 {146} 10. Nf3 {59} Nf8 {51} 11. O-O {50} Ne4 {197} 12. Bf4 {373}
Ng5 {244} 13. Nd2 {320} Bd6 {441} 14. Bxd6 {327} Qxd6 {7} 15. Rfe1 {117} Bd7 {
1108} 16. f4 {109} Nge6 {34} 17. Nf3 {27} f6 {521} 18. Qb3 {235} Kh8 {338} 19.
Qxb7 {328} Rab8 {563} 20. Qa6 {20} Rxb2 {171} 21. Na4 {1205} Bc8 {692} 22. Qa5
{374} Qa3 {261} 23. Qc3 {10} Qxc3 {22} 24. Nxc3 {3} Bd7 {306} 25. Rab1 {406}
Reb8 {67} 26. Nd2 {322} Kg8 {142} 27. Rxb2 {143} Rxb2 {5} 28. Nb3 {6} Nc7 {189}
29. Bb1 {30} Nb5 {201} 30. Na4 {17} Rxb1 {16} 31. Rxb1 {5} Bf5 {113} 32. Rc1 {8
} Bd7 {62} 33. Nac5 {24} Be8 {14} 34. Nb7 {41} Ne6 {76} 35. N3a5 {70} Kf8 {97}
36. Nxc6 {30} Bxc6 {17} 37. Rxc6 {4} Na3 {19} 38. Rxe6 {9} 1-0

[Event "TOP 12 Feminin_GroupeA"]
[Site "CHARTRES, France"]
[Date "2024.05.09"]
[Round "1.10"]
[White "LE MAREC, Laura"]
[Black "DAULYTE-CORNETTE, Deimante"]
[Result "0-1"]
[WhiteElo "1843"]
[BlackElo "2381"]
[PlyCount "68"]
[EventDate "2024.??.??"]
[WhiteTeam "Domloup"]
[BlackTeam "Chartres"]

1. e4 {4} c5 {26} 2. Nc3 {16} Nc6 {11} 3. Bb5 {50} Nd4 {57} 4. Bc4 {15} a6 {58}
5. d3 {143} b5 {171} 6. Bb3 {234} e6 {142} 7. Nf3 {211} Nxb3 {115} 8. axb3 {20}
Bb7 {21} 9. O-O {369} d6 {224} 10. Ng5 {435} h6 {238} 11. Nh3 {761} Nf6 {447}
12. f4 {386} Be7 {26} 13. Qe1 {1168} Nd7 {321} 14. f5 {501} exf5 {1264} 15.
Rxf5 {24} Ne5 {31} 16. Qg3 {197} Bf6 {134} 17. Bd2 {117} b4 {239} 18. Ne2 {272}
Bc8 {583} 19. Rff1 {281} Ng4 {286} 20. Qf3 {281} Ra7 {124} 21. Nhf4 {203} Bxb2
{153} 22. Nh5 {161} Qh4 {249} 23. h3 {211} Qxh5 {232} 24. e5 {32} Bxe5 {74} 25.
d4 {48} cxd4 {73} 26. Qc6+ {24} Bd7 {201} 27. Qb6 {2} Ra8 {10} 28. hxg4 {59}
Qh2+ {59} 29. Kf2 {4} Qh4+ {22} 30. g3 {47} Qh2+ {48} 31. Ke1 {41} O-O {312}
32. Rxa6 {30} Rae8 {59} 33. Kd1 {30} Bxg4 {21} 34. Qb5 {31} Bxg3 {22} 0-1

[Event "TOP 12 Feminin_GroupeA"]
[Site "CHARTRES, France"]
[Date "2024.05.09"]
[Round "1.11"]
[White "SCHIPPKE, Manon"]
[Black "LANGER, Karele"]
[Result "1-0"]
[WhiteElo "2190"]
[BlackElo "1760"]
[PlyCount "71"]
[EventDate "2024.??.??"]
[WhiteTeam "Chartres"]
[BlackTeam "Domloup"]

1. e4 {2} c5 {13} 2. Nf3 {9} e6 {47} 3. d4 {45} cxd4 {28} 4. Qxd4 {40} Nc6 {129
} 5. Qe3 {8} d6 {248} 6. Nc3 {34} Nf6 {101} 7. b3 {22} Be7 {149} 8. Bb2 {5} O-O
{99} 9. O-O-O {6} a6 {181} 10. h3 {55} Bd7 {256} 11. Kb1 {236} b5 {198} 12. g4
{137} Na7 {502} 13. e5 {511} Nd5 {545} 14. Nxd5 {14} exd5 {7} 15. exd6 {235}
Bf6 {263} 16. Ne5 {482} Be6 {208} 17. d7 {418} Qc7 {368} 18. Bg2 {75} Bxe5 {622
} 19. Qxe5 {283} Qxe5 {3} 20. Bxe5 {5} Bxd7 {53} 21. Bxd5 {5} Rac8 {52} 22. Bb7
{154} Bc6 {226} 23. Bxc8 {24} Bxh1 {39} 24. Bxa6 {31} Bg2 {65} 25. Rd7 {175}
Nc6 {172} 26. Bd6 {41} Re8 {160} 27. Bxb5 {24} Nd4 {38} 28. Bc4 {56} Ne6 {237}
29. h4 {84} Bh3 {37} 30. f3 {79} h5 {31} 31. gxh5 {47} Nd8 {150} 32. Re7 {24}
Rxe7 {18} 33. Bxe7 {3} Nc6 {17} 34. Bc5 {129} Ne5 {71} 35. Bd5 {3} Nd7 {14} 36.
Bd4 {7} 1-0

[Event "TOP 12 Feminin_GroupeA"]
[Site "CHARTRES, France"]
[Date "2024.05.09"]
[Round "1.12"]
[White "GIROD, Sarah"]
[Black "TOMASI, Elise"]
[Result "0-1"]
[WhiteElo "1682"]
[BlackElo "2011"]
[PlyCount "68"]
[EventDate "2024.??.??"]
[WhiteTeam "Domloup"]
[BlackTeam "Chartres"]

1. e4 {4} e5 {54} 2. Nf3 {14} Nc6 {6} 3. d4 {21} exd4 {23} 4. Bc4 {14} Nf6 {6}
5. e5 {11} d5 {6} 6. Bb5 {510} Nd7 {20} 7. Bxc6 {228} bxc6 {5} 8. Qxd4 {16} Nb6
{621} 9. O-O {627} c5 {625} 10. Qf4 {145} h6 {786} 11. Nc3 {1279} Be6 {89} 12.
a4 {81} Nc8 {223} 13. Re1 {137} Ne7 {76} 14. b4 {307} Ng6 {144} 15. Qd2 {113}
cxb4 {48} 16. Ne2 {236} c5 {39} 17. Nf4 {528} Nxf4 {8} 18. Qxf4 {3} g6 {113}
19. Be3 {171} Rc8 {57} 20. Qg3 {524} Bg7 {33} 21. Nh4 {5} O-O {253} 22. f4 {231
} Qd7 {12} 23. Rf1 {91} Bf5 {6} 24. Qf2 {4} d4 {36} 25. Bc1 {85} c4 {158} 26.
Rd1 {191} Rfd8 {88} 27. Nxf5 {273} gxf5 {6} 28. Qe1 {101} Qb7 {108} 29. Qe2 {
225} b3 {118} 30. cxb3 {5} d3 {59} 31. Qh5 c3 {57} 32. Qxf5 {120} d2 {6} 33.
Bxd2 {23} Rxd2 {2} 34. e6 {39} Qxg2# {2} 0-1

[Event "TOP 12 Feminin_GroupeA"]
[Site "CHARTRES, France"]
[Date "2024.05.10"]
[Round "2.1"]
[White "MATNADZE BUJIASHVILI, Ann"]
[Black "OSMAK, Yulia"]
[Result "0-1"]
[WhiteElo "2369"]
[BlackElo "2460"]
[PlyCount "116"]
[EventDate "2024.??.??"]
[WhiteTeam "Grasse"]
[BlackTeam "Chartres"]

1. c4 {5} e5 {5} 2. d4 {46} exd4 {170} 3. Qxd4 {8} Nc6 {35} 4. Qd3 {34} Nf6 {
217} 5. Nf3 {23} d5 {820} 6. cxd5 {57} Qxd5 {16} 7. Qxd5 {65} Nxd5 {5} 8. Bd2 {
248} Ndb4 {301} 9. Na3 {319} Be6 {53} 10. e3 {245} Bxa2 {555} 11. Bb5 {57} Bd5
{61} 12. O-O {407} O-O-O {244} 13. Bc3 {93} f6 {250} 14. Be2 {225} a6 {371} 15.
Nh4 {297} Be6 {304} 16. h3 {367} Be7 {445} 17. Bg4 {181} Bxg4 {8} 18. hxg4 {2}
Nd5 {150} 19. Rfc1 {610} g6 {205} 20. Nf3 {159} h5 {131} 21. gxh5 {115} Nxc3 {
44} 22. Rxc3 {70} Rh7 {5} 23. h6 Rxh6 24. g3 {80} Rh5 25. g4 Ra5 {255} 26. Kg2
{353} Bb4 {96} 27. Rc4 {76} Rd3 {246} 28. Rf4 {408} f5 {138} 29. Rh1 {217} Bd6
{419} 30. Rh8+ {15} Nd8 {7} 31. Nc4 {595} Bxf4 {72} 32. Nxa5 {10} fxg4 {131}
33. Nh4 {145} Be5 {24} 34. Rg8 {76} Bxb2 {144} 35. Nxg6 {17} Bc3 {48} 36. Nb3 {
263} b6 {196} 37. Nf4 {163} Rd1 {96} 38. Ne6 {214} Rd6 {58} 39. Ng5 {87} a5 {
134} 40. Ne4 {77} Rc6 {9} 41. Rxg4 {54} Bb2 {94} 42. Ned2 {57} Rc2 {21} 43. Nf3
{34} Nc6 {17} 44. Nbd2 {73} Ne5 {33} 45. Nxe5 {33} Bxe5 {3} 46. Nf3 {21} Bb2 {
19} 47. Kg3 {17} b5 {17} 48. Rg5 {24} c6 {11} 49. Ne1 {32} Rc1 {33} 50. Nd3 {30
} Rg1+ {5} 51. Kf4 {3} Rxg5 {10} 52. Kxg5 {2} a4 {41} 53. Nb4 {49} a3 {45} 54.
f4 {17} c5 {6} 55. Nc2 {30} a2 {18} 56. f5 {4} a1=Q {42} 57. Nxa1 {4} Bxa1 {2}
58. f6 {12} b4 {38} 0-1

[Event "TOP 12 Feminin_GroupeA"]
[Site "CHARTRES, France"]
[Date "2024.05.10"]
[Round "2.2"]
[White "DAULYTE-CORNETTE, Deimante"]
[Black "MILLIET, Sophie"]
[Result "1/2-1/2"]
[WhiteElo "2381"]
[BlackElo "2385"]
[PlyCount "91"]
[EventDate "2024.??.??"]
[WhiteTeam "Chartres"]
[BlackTeam "Grasse"]

1. e4 {3} c5 {4} 2. Nf3 {12} d6 {4} 3. d4 {21} cxd4 {4} 4. Nxd4 {4} Nf6 {4} 5.
Nc3 {7} g6 {5} 6. Be3 {229} Nc6 {14} 7. h3 {687} Bg7 {88} 8. Bc4 {32} O-O {190}
9. Bb3 {44} Nxd4 {791} 10. Bxd4 {18} b5 {22} 11. O-O {336} Bb7 {297} 12. Re1 {
276} e5 {384} 13. Be3 {11} Nxe4 {140} 14. Nxb5 {159} a6 {159} 15. Nc3 {227}
Nxc3 {4} 16. bxc3 {4} d5 {149} 17. Qd2 {129} Qd6 {80} 18. Bh6 {480} Rfd8 {287}
19. Rad1 {323} Rac8 {118} 20. Bxg7 {128} Kxg7 {2} 21. Re3 {447} Rc5 {690} 22.
Qe1 {635} f6 {37} 23. Red3 {30} Qc6 {153} 24. f3 {55} a5 {109} 25. c4 {668} a4
{1338} 26. cxd5 {11} Qa6 {37} 27. c4 {665} axb3 {4} 28. axb3 {3} Bc8 {114} 29.
Ra1 {81} Qb6 {49} 30. Qf2 {97} Rd6 {570} 31. Ra8 {68} Qc7 {24} 32. Rd2 {63} Bb7
{290} 33. Ra7 {30} Ra5 {29} 34. Rxa5 {64} Qxa5 {2} 35. Ra2 {11} Qb4 {14} 36.
Qe3 {66} Rb6 {248} 37. c5 {85} Qxb3 {14} 38. Qxb3 {42} Rxb3 39. Ra7 {47} Kh6 {
69} 40. c6 {16} Bxc6 {43} 41. dxc6 {6} Rc3 {8} 42. c7 {70} Rc2 {54} 43. h4 {27}
g5 {20} 44. hxg5+ {23} Kxg5 {4} 45. c8=Q {123} Rxc8 {3} 46. Rxh7 {5} 1/2-1/2

[Event "TOP 12 Feminin_GroupeA"]
[Site "CHARTRES, France"]
[Date "2024.05.10"]
[Round "2.3"]
[White "FORESTIER, Carole"]
[Black "SCHIPPKE, Manon"]
[Result "0-1"]
[WhiteElo "1999"]
[BlackElo "2190"]
[PlyCount "107"]
[EventDate "2024.??.??"]
[WhiteTeam "Grasse"]
[BlackTeam "Chartres"]

1. d4 d5 {5} 2. Nf3 {13} Nf6 {7} 3. c4 {5} e6 {3} 4. cxd5 {13} exd5 {5} 5. Bf4
{28} Be7 {41} 6. Nc3 {40} c6 {24} 7. e3 {14} Bf5 {265} 8. Bd3 {209} Bxd3 {6} 9.
Qxd3 {5} O-O {63} 10. O-O {5} Nbd7 {40} 11. Rab1 {418} a5 {530} 12. Rfc1 {285}
Re8 {45} 13. Nb5 {1068} Rc8 {903} 14. Na7 {364} Ra8 {201} 15. Nb5 Ne4 {893} 16.
Nc7 {576} g5 {41} 17. Nxa8 {115} gxf4 {4} 18. exf4 {28} Qxa8 {22} 19. Ne5 {57}
Nxe5 {22} 20. fxe5 {13} Qc8 {239} 21. f3 {420} Ng5 {4} 22. h4 {259} Ne6 {6} 23.
g3 {21} Ng7 {135} 24. Kg2 {54} Qf5 {34} 25. Rc3 {445} Kh8 {159} 26. Rb3 {192}
Qxd3 {187} 27. Rxd3 {1} Rg8 {16} 28. Kh3 {105} Nf5 {89} 29. f4 {106} h5 {25}
30. a3 {24} a4 {110} 31. b3 {69} axb3 {3} 32. Rbxb3 {14} b5 {6} 33. Rbc3 {156}
Rg6 {7} 34. Rc1 {190} Bd8 {303} 35. a4 {65} b4 {66} 36. Rb1 {81} Ba5 {4} 37.
Rbd1 {145} Kg7 {108} 38. Rg1 {36} Bb6 {107} 39. Rgd1 Kf8 {11} 40. Rb1 {141}
Nxd4 {437} 41. Rxb4 {102} c5 {4} 42. Rb2 {74} c4 {27} 43. Ra3 {81} Ba5 {140}
44. Rb8+ {30} Kg7 {190} 45. Kg2 {84} c3 {36} 46. Rc8 {71} Rc6 {48} 47. Rxc6 {
175} Nxc6 {4} 48. Kf2 {169} c2 {18} 49. Ra1 {22} Bd2 {6} 50. Ke2 {24} c1=Q {5}
51. Rxc1 {4} Bxc1 {7} 52. Kd3 {5} Bb2 {60} 53. Kc2 {41} Ba1 {12} 54. e6 {116}
0-1

[Event "TOP 12 Feminin_GroupeA"]
[Site "CHARTRES, France"]
[Date "2024.05.10"]
[Round "2.4"]
[White "TOMASI, Elise"]
[Black "PERRUSSET, Barbara"]
[Result "1-0"]
[WhiteElo "2011"]
[BlackElo "1846"]
[PlyCount "53"]
[EventDate "2024.??.??"]
[WhiteTeam "Chartres"]
[BlackTeam "Grasse"]

1. d4 {23} d5 {12} 2. Nf3 {10} Nf6 {53} 3. g3 {4} e6 {64} 4. Bg2 {6} Be7 {50}
5. O-O {38} O-O {28} 6. c4 {7} dxc4 {58} 7. Qc2 {5} a6 {94} 8. a4 {4} Bd7 {86}
9. Bg5 {57} Bc6 {224} 10. Rd1 {897} b5 {850} 11. Bxf6 {244} Bxf6 {23} 12. Na3 {
410} Qe8 {756} 13. e4 {1345} Bb7 {1085} 14. e5 {360} Be7 {22} 15. Ng5 {3} Bxg5
{10} 16. Bxb7 {5} Ra7 {10} 17. Be4 {3} h6 {289} 18. b3 {50} cxb3 {183} 19. Qc5
{69} Nc6 {1272} 20. Bxc6 {26} Qb8 {3} 21. f4 {14} Bd8 {51} 22. axb5 {14} axb5 {
14} 23. Nxb5 {39} Rxa1 {55} 24. Rxa1 {6} g5 {77} 25. Rb1 {35} gxf4 {97} 26.
gxf4 {5} f5 {48} 27. Rxb3 {24} 1-0